Βρες το χημικό στοιχείο από το σύμβολο (1) - Statistics

General Stats
  • This quiz has been taken 37 times
  • The average score is 38 of 50
Answer Stats
Hint Answer % Correct
Al Αργίλιο
93%
H Υδρογόνο
93%
Cl Χλώριο
93%
Fe Σίδηρος
93%
He Ήλιο
93%
Na Νάτριο
93%
Ti Τιτάνιο
93%
As Αρσενικό
93%
Ca Ασβέστιο
93%
Ni Νικέλιο
86%
Li Λίθιο
86%
K Κάλλιο
86%
Ag Άργυρος
86%
O Οξυγόνο
86%
Be Βηρύλλιο
79%
Zn Ψευδάργυρος
79%
Rh Ρόδιο
79%
B Βόριο
79%
Ar Αργό
79%
Cr Χρώμιο
79%
Co Κοβάλτιο
79%
Ga Γάλλιο
79%
Kr Κρυπτό
79%
Br Βρώμιο
79%
P Φώσφορος
79%
C Άνθρακας
79%
Mg Μαγνήσιο
79%
Cu Χαλκός
71%
Ge Γερμάνιο
71%
Nb Νιόβιο
71%
In Ίνδιο
71%
Si Πυρίτιο
71%
Mo Μολυβδένιο
71%
Pd Παλλάδιο
71%
Mn Μαγγάνιο
71%
Rb Ρουβίδιο
71%
Y Ύτριο
71%
Tc Τεχνήτιο
71%
N Άζωτο
71%
V Βανάδιο
71%
Sr Στρόντιο
71%
Sc Σκάνδιο
64%
Se Σελήνιο
64%
Zr Ζιρκόνιο
64%
Ru Ρουθήνιο
64%
Cd Κάδμιο
64%
F Φθόριο
57%
Sn Κασσίτερος
57%
Ne Νέον
50%
S Θείο
50%
No matching quizzes found
Score Distribution
Percent of People with Each Score
Percentile by Number Answered
Your Score History
You have not taken this quiz